Gibraltar (Record no. 85503)

MARC details
000 -LEADER
campo de control de longitud fija 00859nam a2200205 i 4500
001 - NÚMERO DE CONTROL
campo de control 85503
003 - IDENTIFICADOR DE NÚMERO DE CONTROL
campo de control ES-MaACL
005 - FECHA Y HORA DE LA ÚLTIMA TRANSACCIÓN
campo de control 20231204173412.0
008 - DATOS DE LONGITUD FIJA--INFORMACIÓN GENERAL
campo de control de longitud fija 041129s1915 sp |||| | spa d
080 ## - NÚMERO DE LA CLASIFICACIÓN DECIMAL UNIVERSAL
Número de la Clasificación Decimal Universal 327(460:410)"17"
080 ## - NÚMERO DE LA CLASIFICACIÓN DECIMAL UNIVERSAL
Número de la Clasificación Decimal Universal 94(468.2)"17"
100 1# - ENTRADA PRINCIPAL--NOMBRE DE PERSONA
Nombre de persona Juderías, Julián,
Fechas asociadas al nombre 1877-1918
9 (RLIN) 67185
245 10 - MENCIÓN DEL TÍTULO
Título Gibraltar
Resto del título : apuntes para la historia de la pérdida de esta plaza, de los sitios que le pusieron los españoles y de las negociaciones entre España e Inglaterra referentes a su restitución, 1704-1796 /
Mención de responsabilidad, etc. Julián Juderías Loyot.
260 ## - PUBLICACIÓN, DISTRIBUCIÓN, ETC.
Lugar de publicación, distribución, etc. Madrid :
Nombre del editor, distribuidor, etc. [s.n.],
Fecha de publicación, distribución, etc. 1915 (
Fabricante Imp. de la "Rev. de Arch., Bibl., Museos")
300 ## - DESCRIPCIÓN FÍSICA
Extensión 44 p. ;
Dimensiones 24 cm.
651 #4 - PUNTO DE ACCESO ADICIONAL DE MATERIA--NOMBRE GEOGRÁFICO
Nombre geográfico España-
Subdivisión general Relaciones-
Subdivisión geográfica Gran Bretaña.
9 (RLIN) 143992
651 #4 - PUNTO DE ACCESO ADICIONAL DE MATERIA--NOMBRE GEOGRÁFICO
Nombre geográfico Gibraltar-
Subdivisión general Historia-
Subdivisión cronológica S.XVIII.
9 (RLIN) 158720
852 ## - LOCALIZACIÓN
Ubicación ES-MaACL
Número de control de estantería T-1471-F-9
Holdings
Estatus retirado Estado de pérdida Estado de daño No para préstamo Colección Biblioteca de origen Biblioteca actual Ubicación en estantería Fecha de adquisición Fuente de adquisición Total de préstamos Signatura topográfica completa Código de barras Visto por última vez Precio de reemplazo Tipo de ítem Koha
        Colección de folletos Biblioteca del Ateneo de Madrid Biblioteca del Ateneo de Madrid Depósito folletos 17/01/2008     T-1471-F-9 1089346 23/02/2023 23/02/2023 Folleto